Privatization in South Asia : (Record no. 233598)

000 -LEADER
fixed length control field 01444cam a2200325 a 4500
001 - CONTROL NUMBER
control field 14305807
003 - CONTROL NUMBER IDENTIFIER
control field Nust
005 - DATE AND TIME OF LATEST TRANSACTION
control field 20170309111155.0
008 - FIXED-LENGTH DATA ELEMENTS--GENERAL INFORMATION
fixed length control field 060318s2000 ii a b 100 0 eng
010 ## - LIBRARY OF CONGRESS CONTROL NUMBER
LC control number 2006345652
020 ## - INTERNATIONAL STANDARD BOOK NUMBER
International Standard Book Number 9221119017
025 ## - OVERSEAS ACQUISITION NUMBER
Overseas acquisition number I-E-2006-345652; 79-08
037 ## - SOURCE OF ACQUISITION
Source of stock number/acquisition Library of Congress -- New Delhi Overseas Office
040 ## - CATALOGING SOURCE
Original cataloging agency DLC
Transcribing agency DLC
042 ## - AUTHENTICATION CODE
Authentication code lcode
043 ## - GEOGRAPHIC AREA CODE
Geographic area code az-----
050 00 - LIBRARY OF CONGRESS CALL NUMBER
Classification number HD4285.3
Item number .S83 1999
082 ## - DEWEY DECIMAL CLASSIFICATION NUMBER
Classification number 338.954
111 2# - MAIN ENTRY--MEETING NAME
Meeting name or jurisdiction name as entry element Sub-Regional Workshop on Privatization in South Asia
Date of meeting (1999 :
Location of meeting Kathmandu, Nepal)
245 10 - TITLE STATEMENT
Title Privatization in South Asia :
Remainder of title minimizing negative social effects through restructuring /
Statement of responsibility, etc. edited by Gopal Joshi.
260 ## - PUBLICATION, DISTRIBUTION, ETC.
Place of publication, distribution, etc. New Delhi :
Name of publisher, distributor, etc. South Asia Multidiscipilnary Advisory Team, International Labour Organization,
Date of publication, distribution, etc. 2000.
300 ## - PHYSICAL DESCRIPTION
Extent 236 p. :
Other physical details ill. ;
Dimensions 26 cm.
504 ## - BIBLIOGRAPHY, ETC. NOTE
Bibliography, etc. note Includes bibliographical references.
520 ## - SUMMARY, ETC.
Summary, etc. Case studies presented at the Workshop on the theme of privatization and restructuring of various public enterprises in South Asian countries.
650 #0 - SUBJECT ADDED ENTRY--TOPICAL TERM
Topical term or geographic name entry element Privatization
Geographic subdivision South Asia
Form subdivision Congresses.
650 #0 - SUBJECT ADDED ENTRY--TOPICAL TERM
Topical term or geographic name entry element Government business enterprises
Geographic subdivision South Asia
Form subdivision Congresses.
700 1# - ADDED ENTRY--PERSONAL NAME
Personal name Joshi, Gopal.
710 2# - ADDED ENTRY--CORPORATE NAME
Corporate name or jurisdiction name as entry element International Labour Organisation.
Subordinate unit South Asia Multidisciplinary Advisory Team.
906 ## - LOCAL DATA ELEMENT F, LDF (RLIN)
a 7
b cbc
c origode
d 3
e ncip
f 20
g y-gencatlg
942 ## - ADDED ENTRY ELEMENTS (KOHA)
Source of classification or shelving scheme
Koha item type Book
Holdings
Withdrawn status Lost status Source of classification or shelving scheme Damaged status Not for loan Collection code Permanent Location Current Location Shelving location Date acquired Total Checkouts Full call number Barcode Date last seen Price effective from Koha item type
            Central Library (CL) Central Library (CL) General Stacks 03/09/2017   338.954 PRI S3H-N-1308 03/09/2017 03/09/2017 Book
© 2023 Central Library, National University of Sciences and Technology. All Rights Reserved.